000 00421nam a2200169Ia 4500
008 230524s9999 xx 000 0 und d
020 _a9789380578392
082 _a621.4022
_bSAW
100 _aG.S. Sawhney
_942928
245 0 _aHeat and Mass Transfer
250 _a1
260 _aNew Delhi
_bI.K.International
_c2010
300 _a"VI,477p;"
500 _aQuantity Number: 1
650 _aElectrical
942 _cBK
999 _c57892
_d57892